| 000 | 00466nam a2200133Ia 4500 | ||
|---|---|---|---|
| 008 | 250506s9999 xx 000 0 und d | ||
| 024 | _a17B-019-CE,17B-022-CE,17B-025-CE&17B-058-EE | ||
| 082 | _a004.77072 UME | ||
| 100 | _aM. Umer Sheikh,Haris Jaleel,Ahmed Uzair & Abdul Wahab Khan | ||
| 245 | 0 | _a360 Motion of Chair using Virtual Reality (VR) | |
| 260 |
_aKarachi: _bUIT, _c2017 |
||
| 600 | _aComputer System Engineering | ||
| 650 | _aBachelor of Engineering (BE) | ||
| 999 |
_c28966 _d28966 |
||